| 000 | 006410000a22001810004500 | ||
|---|---|---|---|
| 003 | MACL | ||
| 005 | 20160424140105.0 | ||
| 008 | 160424b xxu||||| |||| 00| 0 eng d | ||
| 040 |
_aMACL _cMACL |
||
| 041 | _aHindi | ||
| 082 | _a800 | ||
| 100 |
_aडॉ प्रेमशंकर त्रिपाठी _949333 |
||
| 245 | _aमहाप्राण निराला पुनर्मूल्याकंन | ||
| 260 |
_bश्री बडाबाजार कुमारसभा पुस्तकालय _aकलकत्ता |
||
| 350 | _a150 | ||
| 650 |
_aLiteracture _953865 |
||
| 942 |
_cHIN _k800/NIR/ L _2ddc |
||
| 999 |
_c9729 _d9729 |
||